Normal view MARC view
  • Eden C. Santos, DBA

Entry Personal Name

Number of records used in: 12

001 - CONTROL NUMBER

  • control field: 1543

003 - CONTROL NUMBER IDENTIFIER

  • control field: URS

005 - DATE AND TIME OF LATEST TRANSACTION

  • control field: 20220602104229.0

008 - FIXED-LENGTH DATA ELEMENTS

  • fixed length control field: 220602|| aca||aabn | a|a d

040 ## - CATALOGING SOURCE

  • Original cataloging agency: URS

100 ## - HEADING--PERSONAL NAME

  • Personal name: Eden C. Santos, DBA
  • Relator term: adviser

University of Rizal System
Email us at univlibservices@urs.edu.ph

Visit our Website www.urs.edu.ph/library